| 000 | 01264nam a2200337 a 4500 | ||
|---|---|---|---|
| 001 | ebr10591318 | ||
| 003 | CaPaEBR | ||
| 006 | m u | ||
| 007 | cr cn||||||||| | ||
| 008 | 120831s1981 gw s 001 0 lat d | ||
| 020 | _z3519013851 | ||
| 020 | _z9783110984095 | ||
| 020 | _z9783111327402 (e-book) | ||
| 040 |
_aCaPaEBR _cCaPaEBR |
||
| 035 | _a(OCoLC)811401070 | ||
| 050 | 1 | 4 |
_aPA6390 _b.A2 1981eb |
| 100 | 1 | _aGellius, Aulus. | |
| 245 | 1 | 0 |
_aNoctium Atticarum _h[electronic resource] . _nLibri XX, vol. II / _cA. Gellii ; recensuit Carolus Hosius. |
| 250 | _aEditio stereotypa editionis prioris [1903]. | ||
| 260 |
_aStuttgart : _bIn aedibus B.G. Teubner, _c1981. |
||
| 300 | _a372 p. | ||
| 490 | 0 |
_aNoctium Atticarum ; _vlibri 20, v. 2 |
|
| 500 | _aIncludes index. | ||
| 533 |
_aElectronic reproduction. _bPalo Alto, Calif. : _cebrary, _d2011. _nAvailable via World Wide Web. _nAccess may be limited to ebrary affiliated libraries. |
||
| 650 | 0 | _aLatin essays. | |
| 655 | 7 |
_aElectronic books. _2local |
|
| 700 | 1 |
_aHosius, Carl, _d1866-1937. |
|
| 710 | 2 | _aebrary, Inc. | |
| 740 | 0 | _aNoctes atticae. | |
| 856 | 4 | 0 |
_uhttp://site.ebrary.com/lib/rucke/Doc?id=10591318 _zAn electronic book accessible through the World Wide Web; click to view |
| 999 |
_c210069 _d210069 |
||